राजस्थान का सामाजिक एवं सांस्कृतिक इतिहासः (Record no. 48971)
[ view plain ]
| 000 -LEADER | |
|---|---|
| fixed length control field | 01303nam a22002297a 4500 |
| 005 - DATE AND TIME OF LATEST TRANSACTION | |
| control field | 20100312095056.0 |
| 008 - FIXED-LENGTH DATA ELEMENTS--GENERAL INFORMATION | |
| fixed length control field | 100312t xxu||||| |||| 00| 0 hin d |
| 010 ## - LCCN (DPL NO) | |
| LC control number | HIN-91179 |
| 020 ## - INTERNATIONAL STANDARD BOOK NUMBER | |
| Terms of availability | 295.00 |
| International Standard Book Number | 9788189399221 |
| 035 ## - SYSTEM CONTROL NUMBER | |
| System control number | HN-63525 |
| 037 ## - SOURCE OF ACQUISITION | |
| Source of stock number/acquisition | DBAD / PUB |
| 040 ## - CATALOGING SOURCE | |
| Original cataloging agency | DPL |
| Language of cataloging | HN |
| 082 ## - DEWEY DECIMAL CLASSIFICATION NUMBER | |
| Classification number | 954.42 |
| 100 ## - MAIN ENTRY--PERSONAL NAME | |
| Personal name | बागड़ी, राजेन्द्र प्रसाद |
| 9 (RLIN) | 16590 |
| 245 ## - TITLE STATEMENT | |
| Title | राजस्थान का सामाजिक एवं सांस्कृतिक इतिहासः |
| Statement of responsibility, etc | राजेन्द्र प्रसाद बागड़ी |
| Remainder of title | पूर्व मध्यकालीन मेवाड़ के विशेष सन्दर्भ में अध्ययन / |
| 260 ## - PUBLICATION, DISTRIBUTION, ETC. (IMPRINT) | |
| Place of publication, distribution, etc | दिल्ली |
| Name of publisher, distributor, etc | सुभद्रा पब्लिशर्स एंड डिस्ट्री |
| Date of publication, distribution, etc | 2010 |
| 270 ## - ADDRESS | |
| Address | बी-216, चन्दू नगर, करावल नगर रोड |
| City | दिल्ली |
| Postal code | 110094 |
| 300 ## - PHYSICAL DESCRIPTION | |
| Extent | 224पृ |
| Dimensions | 22सेमी (सजिल्द) |
| Other physical details | सचित्र |
| 700 ## - ADDED ENTRY--PERSONAL NAME | |
| 9 (RLIN) | 24583 |
| 942 ## - ADDED ENTRY ELEMENTS (KOHA) | |
| Source of classification or shelving scheme | Dewey Decimal Classification |
| Item type | Hindi Books |
| Call number suffix | बागड़ी |
| Withdrawn status | Lost status | Source of classification or shelving scheme | Damaged status | Not for loan | Collection code | Home library | Current library | Date acquired | Source of acquisition | Cost, normal purchase price | Total Checkouts | Full call number | Barcode | Date last seen | Copy number | Cost, replacement price | Koha item type |
|---|---|---|---|---|---|---|---|---|---|---|---|---|---|---|---|---|---|
| Dewey Decimal Classification | Not For Loan | Non-fiction | D.B.Act.Division | D.B.Act.Division | 03/12/2010 | DBAD /PUB | 295.00 | 954.42बागड़ी | HN-63525 | 03/12/2010 | 1 | 295.00 | Hindi Books |
